000 00424nam a2200181Ia 4500
001 5984
003 IN-NITTTR
005 20251114233014.0
008 251113s9999||||xx |||||||||||||| ||eng||
040 _beng
040 _cIN-NITTTR
041 _aeng
082 _a530.12 N421Q
100 _aNewing, R. A.
245 0 _aQuantum mechanics /
_cNewing, R. A., Cunningham, J.
700 _a Cunningham, J.
942 _2ddc
_cBK
999 _c8622
_d8622